| 000 | 00450nam a22001697a 4500 | ||
|---|---|---|---|
| 003 | BD-DhUL | ||
| 005 | 20170124183119.0 | ||
| 008 | 170124s1900 ii ||||| |||| 00| 0 eng | ||
| 040 |
_aBD-DhUL _cBD-DhUL |
||
| 082 |
_a891.2 _bCAS |
||
| 100 | 1 | _aCalidas | |
| 245 | 1 | 0 |
_aSacontala ; or the fatal ring : _ban Indian drama / _cCalidas |
| 260 |
_aIndia : _bCalidas, _c1900. |
||
| 300 |
_a 531p. ; _c21cm. |
||
| 650 | 0 | _aSanskrit Drama | |
| 942 |
_2ddc _cBK |
||
| 999 |
_c154640 _d154640 |
||